| 000 | 00539nam a2200193Ia 4500 | ||
|---|---|---|---|
| 008 | 220216s9999 xx 000 0 und d | ||
| 100 | _aNieuwenhuizen P J | ||
| 245 | 0 | _aModel-compounded vulcanization: An established technique for the next century | |
| 260 |
_bKautschuk Gummi Kunststoffe _c2000 |
||
| 300 | _a144-152 | ||
| 650 | _aChromatography | ||
| 650 | _aModel-compounded vulcanization | ||
| 650 | _aPeroxide | ||
| 650 | _aSpectroscopy | ||
| 650 | _aSulfur | ||
| 700 | _aHaasnoot J G | ||
| 700 | _aReedijk J | ||
| 942 | _cJS | ||
| 999 |
_c63036 _d63036 |
||